[Event "DRUZYNOWE MISTRZOSTWA POLSKI - II LIGA 2018"]
[Site "Jastrzebia Gora"]
[Date "1899-12-30"]
[Round "2.47"]
[White "Sondej, Dominik"]
[Black "Fiedorek, Michal"]
[Result "0-1"]
[WhiteTitle "I"]
[BlackTitle "I"]
[WhiteElo "1875"]
[BlackElo "2186"]

1. Nf3 Nf6 2. g3 g6 3. Bg2 Bg7 4. O-O O-O 5. d4 d6 6. c4 Nc6 7. Nc3 Bg4 8. h3 Bxf3
9. Bxf3 Nd7 10. e3 e5 11. dxe5 Ndxe5 12. Be2 Kh8 13. Rb1 f5 14. e4 Nd4 15. f4
Nxe2+ 16. Qxe2 Nc6 17. Qd3 fxe4 18. Nxe4 Qd7 19. Kh2 Rae8 20. Bd2 d5 21. cxd5
Rf5 22. d6 Rh5 23. h4 Qe6 24. Rfe1 Rd5 25. Qc2 Nd4 26. Qd3 Qf5 27. Bc3 cxd6 28.
Rbd1 Rc8 29. Ng5 Qg4 30. Kg2 Nf5 31. Qxd5 Qxg3+ 32. Kf1 Bxc3 33. bxc3 Qxf4+ 34.
Qf3 Qxh4 35. Rd4 Qxg5 36. Rf4 Qf6 37. c4 Rf8 38. Kg1 Qg5+ 39. Qg4 Qxg4+ 40. Rxg4
Kg7 41. Rge4 h5 42. Re6 Rc8 43. R1e4 Kf7 44. Kh2 g5 45. Kg2 g4 46. a4 h4 47. Kh2
g3+ 48. Kg2 Rh8 49. Kh3 Rg8 0-1

[Event "DRUZYNOWE MISTRZOSTWA POLSKI - II LIGA 2018"]
[Site "Jastrzebia Gora"]
[Date "1899-12-30"]
[Round "2.48"]
[White "Dmochowska, Agnieszka"]
[Black "Cyboran, Katarzyna"]
[Result "1-0"]
[WhiteTitle "WCM"]
[BlackTitle "I++"]
[WhiteElo "2125"]
[BlackElo "1825"]

1. e4 c5 2. Nf3 e6 3. d4 cxd4 4. Nxd4 a6 5. c4 b6 6. Nc3 Bb7 7. Be3 d6 8. Bd3 Nd7
9. O-O Qc7 10. Rc1 Ngf6 11. f3 Rc8 12. b3 Be7 13. g4 Ne5 14. Be2 h5 15. g5 Nfd7
16. f4 Nc6 17. Bxh5 Nxd4 18. Bxd4 Nc5 19. Qe2 Kf8 20. f5 e5 21. f6 exd4 22. fxe7+
Qxe7 23. Rxf7+ Qxf7 24. Bxf7 dxc3 25. Rf1 Ke7 26. e5 Ne4 27. Bd5 Bxd5 28. cxd5
c2 29. Qxe4 Rhf8 30. Rc1 dxe5 31. Qxe5+ Kf7 32. Qe6# 1-0

[Event "DRUZYNOWE MISTRZOSTWA POLSKI - II LIGA 2018"]
[Site "Jastrzebia Gora"]
[Date "1899-12-30"]
[Round "2.49"]
[White "Kislinsky, Alexey"]
[Black "Gierulski, Kamil"]
[Result "1-0"]
[WhiteTitle "GM"]
[BlackTitle "k++"]
[WhiteElo "2450"]
[BlackElo "2219"]

1. e4 e5 2. d4 exd4 3. Qxd4 Nc6 4. Qe3 Nf6 5. Bd2 Be7 6. c4 O-O 7. Nc3 Re8 8. f3
b6 9. O-O-O Ba6 10. Nh3 Bc5 11. Qe1 Na5 12. b3 c6 13. Kb1 Bb4 14. Nf4 Qe7 15.
Ncd5 Nxd5 16. Nxd5 cxd5 17. Bxb4 d6 18. Rxd5 Nb7 19. Qg3 Rad8 20. Be2 Nc5 21.
Rhd1 Bb7 22. Rxd6 Rxd6 23. Qxd6 Qg5 24. Bxc5 1-0

[Event "DRUZYNOWE MISTRZOSTWA POLSKI - II LIGA 2018"]
[Site "Jastrzebia Gora"]
[Date "1899-12-30"]
[Round "2.50"]
[White "Miasik, Adrian"]
[Black "Grabarczyk, Miroslaw"]
[Result "0-1"]
[WhiteTitle "I++"]
[BlackTitle "GM"]
[WhiteElo "1830"]
[BlackElo "2392"]

1. d4 d5 2. Nf3 Nf6 3. g3 Bf5 4. Bg2 e6 5. Nh4 Be4 6. f3 Bg6 7. e4 c5 8. Nxg6 hxg6
9. c3 cxd4 10. cxd4 Qb6 11. Be3 Qxb2 12. Nd2 Bb4 13. O-O Bxd2 14. Qxd2 Qxd2 15.
Bxd2 Nc6 16. Bc3 Rc8 17. Rab1 Rc7 18. Rfc1 Kd7 19. e5 Ng8 20. Bb2 Nge7 21. g4
Nc8 22. Bf1 Nb6 23. Bb5 a6 24. Bf1 Na4 25. Ba1 Rhc8 26. Be2 Na5 27. Rxc7+ Rxc7
28. Bd3 b5 29. Kf2 Nc3 30. Bxc3 Rxc3 31. Ke2 Ra3 32. Rb2 g5 33. Rc2 Nc6 34. Ke3
Nb4 35. Rd2 a5 36. h3 a4 37. Rd1 Kc6 38. Ke2 Nxd3 39. Rxd3 Rxa2+ 0-1

[Event "DRUZYNOWE MISTRZOSTWA POLSKI - II LIGA 2018"]
[Site "Jastrzebia Gora"]
[Date "1899-12-30"]
[Round "2.51"]
[White "Sabuk, Piotr"]
[Black "Ciasnocha, Michal"]
[Result "1-0"]
[WhiteTitle "IM"]
[BlackTitle "I"]
[WhiteElo "2386"]
[BlackElo "1741"]

1. d4 d5 2. c4 c6 3. Nf3 Nf6 4. g3 e6 5. Bg2 Be7 6. O-O O-O 7. Qc2 Nbd7 8. Nbd2
b6 9. e4 Nxe4 10. Nxe4 dxe4 11. Qxe4 Bb7 12. Rd1 Nf6 13. Qc2 Qc7 14. Bf4 Bd6 15.
Bxd6 Qxd6 16. c5 Qc7 17. Ne5 Nd7 18. cxb6 axb6 19. Nxc6 Nf6 20. Rdc1 Rac8 21.
Qe2 Bxc6 22. Rxc6 Qxc6 23. Bxc6 Rxc6 24. a4 Nd5 25. b4 Rfc8 26. Qb5 Rc4 27. Qa6
R8c6 28. b5 Rc8 29. a5 Rb8 30. axb6 h6 31. Qa8 Rcc8 32. b7 Rf8 33. Qxb8 Rxb8 34.
Ra8 1-0

[Event "DRUZYNOWE MISTRZOSTWA POLSKI - II LIGA 2018"]
[Site "Jastrzebia Gora"]
[Date "1899-12-30"]
[Round "2.52"]
[White "Ziemniak, Piotr"]
[Black "Aliavdin, Nikolai"]
[Result "0-1"]
[WhiteTitle "I"]
[BlackTitle "IM"]
[WhiteElo "1739"]
[BlackElo "2323"]

1. e4 c5 2. Nf3 d6 3. d4 cxd4 4. Nxd4 Nf6 5. Nc3 a6 6. Bc4 e6 7. Bb3 b5 8. O-O
Be7 9. f4 O-O 10. e5 dxe5 11. fxe5 Bc5 12. Be3 Nfd7 13. Qh5 Nc6 14. Nxc6 Bxe3+
15. Kh1 Qg5 16. Qxg5 Bxg5 17. Ne4 Bb7 18. Nxg5 Bxc6 19. Nxf7 Rxf7 20. Bxe6 Nxe5
21. Rae1 Kf8 22. Bxf7 Nxf7 23. Re6 Rc8 24. Re3 Rd8 25. Rc3 Rd6 26. h3 g6 27. Rf2
Re6 28. Rc5 Ke7 29. Rd2 h5 30. Kh2 Nh6 31. g3 Nf5 32. g4 hxg4 33. hxg4 Ne3 34.
Kh3 Nc4 35. Rf2 Nxb2 36. g5 Na4 0-1

[Event "DRUZYNOWE MISTRZOSTWA POLSKI - II LIGA 2018"]
[Site "Jastrzebia Gora"]
[Date "1899-12-30"]
[Round "2.53"]
[White "Jedryczka, Krystian"]
[Black "Wasik, Roman"]
[Result "1-0"]
[WhiteTitle "m"]
[BlackTitle "II+"]
[WhiteElo "2201"]
[BlackElo "1483"]

1. f4 d6 2. e4 g6 3. Nc3 Bg7 4. d4 e6 5. Nf3 Nf6 6. e5 dxe5 7. fxe5 Nd5 8. Ne4
h6 9. c4 Ne7 10. Be2 Nbc6 11. O-O Nf5 12. d5 Nxe5 13. Qa4+ Bd7 14. Qa3 exd5 15.
cxd5 Qe7 16. Qxe7+ Kxe7 17. Bf4 Nxf3+ 18. Bxf3 Bxb2 19. Rab1 Bd4+ 20. Kh1 Bb6
21. Rfe1 Kd8 22. Nf6 Nd6 23. Be5 Bf5 24. Rbc1 Ba5 25. Red1 b5 26. Ng4 Re8 27.
Bf6+ Kc8 28. Nxh6 Kb7 29. Nxf5 Nxf5 30. d6+ Ka6 31. d7 c6 32. dxe8=Q Rxe8 33.
Bxc6 Re6 34. Bd4 Nxd4 35. Rxd4 Bb6 36. Rd5 b4 37. Bb5+ Kb7 38. Rd7+ Kb8 39. Ba6
Bc7 40. Rd8+ Bxd8 41. Rc8# 1-0

[Event "DRUZYNOWE MISTRZOSTWA POLSKI - II LIGA 2018"]
[Site "Jastrzebia Gora"]
[Date "1899-12-30"]
[Round "2.54"]
[White "Kozubal, Aleksandra"]
[Black "Kantane, Anna"]
[Result "0-1"]
[WhiteTitle "I++"]
[BlackTitle "WIM"]
[WhiteElo "1754"]
[BlackElo "2247"]

1. d4 Nf6 2. c4 c5 3. d5 e6 4. Nc3 exd5 5. cxd5 d6 6. e4 g6 7. Nge2 Bg7 8. Ng3
h5 9. h3 h4 10. Nge2 Qa5 11. Qc2 Na6 12. Bf4 Nb4 13. Qd2 Nxe4 14. Nxe4 Nd3+ 15.
Kd1 Qa4+ 16. Qc2 Qxe4 17. Be3 Nxb2+ 18. Kc1 Nd3+ 19. Kd2 Bxa1 20. Qxd3 Qb4+ 21.
Kd1 Bf5 22. Qb3 Qxb3+ 23. axb3 Be4 24. Kd2 Bxd5 25. Nf4 Bc6 26. Bc4 Be5 27. Re1
Kf8 28. f3 Kg7 29. Nd3 Bg3 0-1

[Event "DRUZYNOWE MISTRZOSTWA POLSKI - II LIGA 2018"]
[Site "Jastrzebia Gora"]
[Date "1899-12-30"]
[Round "2.55"]
[White "Molenda, Marcin"]
[Black "Janaszak, Dawid"]
[Result "1/2-1/2"]
[WhiteTitle "FM"]
[BlackTitle "FM"]
[WhiteElo "2372"]
[BlackElo "2362"]

1. d4 Nf6 2. c4 g6 3. g3 Bg7 4. Bg2 c6 5. Nf3 O-O 6. O-O d5 7. Qb3 Qb6 8. Nc3 Rd8
9. Bf4 Qxb3 10. axb3 Na6 11. Be5 e6 12. e3 Ne8 13. Bxg7 Kxg7 14. Ne5 Nac7 15.
f4 a6 16. g4 f6 17. Nd3 Nd6 18. c5 Nf7 19. Rf2 Rb8 20. Raf1 f5 21. g5 Rh8 22.
Na4 Bd7 23. Nb6 Be8 24. Bf3 h6 25. h4 hxg5 26. hxg5 Na8 27. Nxa8 Rxa8 28. Rh2
Rxh2 29. Kxh2 Bd7 30. Kg3 Rh8 31. Rh1 Rxh1 32. Bxh1 Kf8 33. Bf3 Ke7 34. Kf2 Kd8
35. Ke2 Kc7 36. Kd2 Be8 37. Kc3 Bd7 38. Kb4 Be8 39. Ka5 Bd7 40. Be2 Be8 41. Ne1
Bd7 42. Nf3 Be8 43. Bd3 Bd7 44. Bf1 Be8 45. Be2 Bd7 46. Nh4 Nh8 47. Ng2 Nf7 48.
Ne1 Be8 49. Nc2 Bd7 50. Nb4 Bc8 51. Na2 Nh8 52. Nc3 Nf7 53. Bd3 Bd7 54. Bf1 Bc8
55. Na4 Bd7 56. Be2 Be8 57. Nb6 Kb8 58. Bf1 Kc7 59. Na4 Bd7 60. Be2 Be8 61. Nc3
Bd7 62. b4 Bc8 63. Nb1 Nd8 64. Nd2 Nf7 65. Nb3 Bd7 66. Nc1 Bc8 67. Nd3 Bd7 68.
Ne1 Bc8 69. Nf3 Bd7 70. Bf1 Be8 71. Bd3 Bd7 72. Be2 Be8 73. Nd2 Bd7 74. Nf1 Nd8
75. Ng3 Be8 76. Bf3 Bf7 77. Ne2 Be8 78. Nc3 Bd7 79. Na4 Be8 80. Nb6 Nf7 81. Na8+
Kb8 82. Nb6 Kc7 83. Na8+ Kb8 84. Nb6 1/2-1/2

[Event "DRUZYNOWE MISTRZOSTWA POLSKI - II LIGA 2018"]
[Site "Jastrzebia Gora"]
[Date "1899-12-30"]
[Round "2.56"]
[White "Dudzinski, Piotr"]
[Black "Czerw, Dawid"]
[Result "0-1"]
[WhiteTitle "FM"]
[BlackTitle "k"]
[WhiteElo "2304"]
[BlackElo "2263"]

1. e4 e6 2. d4 d5 3. e5 c5 4. c3 Nc6 5. Nf3 Bd7 6. a3 f6 7. b4 fxe5 8. dxe5 Qc7
9. Bf4 O-O-O 10. Bd3 Nh6 11. O-O c4 12. Bc2 Be7 13. b5 Na5 14. Nd4 Rdf8 15. Bg3
Bc5 16. a4 Qb6 17. f3 Nf5 18. Bf2 Nxd4 19. cxd4 Bb4 20. Qc1 Be8 21. Qb2 Be7 22.
Nc3 Kb8 23. Rad1 g5 24. Qb1 g4 25. fxg4 h5 26. Be3 hxg4 27. Rxf8 Bxf8 28. Rf1
Bg7 29. Qe1 Nb3 30. Bxb3 cxb3 31. Qe2 Bh5 32. Rb1 g3 33. Qd3 Qd8 34. hxg3 Bg4
35. Rxb3 Bh6 36. Qd2 Bxe3+ 37. Qxe3 Qg8 38. Qd3 Qg5 39. Ne2 Bxe2 40. Qxe2 Qc1+
41. Kf2 Rc8 42. Qe3 Rf8+ 43. Ke2 Qf1+ 44. Kd2 Rf2+ 0-1

[Event "DRUZYNOWE MISTRZOSTWA POLSKI - II LIGA 2018"]
[Site "Jastrzebia Gora"]
[Date "1899-12-30"]
[Round "2.57"]
[White "Pazdziora, Michal"]
[Black "Dudzinski, Pawel"]
[Result "1/2-1/2"]
[WhiteTitle "k"]
[BlackTitle "FM"]
[WhiteElo "2211"]
[BlackElo "2217"]

1. e4 c6 2. d4 d5 3. exd5 cxd5 4. Bd3 Nc6 5. c3 g6 6. Bf4 Bg7 7. Nf3 Nf6 8. Nbd2
Bf5 9. Bxf5 gxf5 10. Ne5 O-O 11. O-O Qb6 12. Qb3 Nh5 13. Bg5 Qxb3 14. axb3 Nxe5
15. dxe5 Rfe8 16. Nf3 f6 17. exf6 Nxf6 18. Be3 a6 19. Bd4 Ne4 20. Bxg7 Kxg7 21.
Nd4 Kf6 22. f3 Nd6 23. Rad1 Rad8 24. Rfe1 e5 25. Nc2 Nb5 26. Nb4 d4 27. c4 Nc7
28. Nd3 Re7 29. Nc5 Ne6 30. Nd3 Nc7 1/2-1/2

[Event "DRUZYNOWE MISTRZOSTWA POLSKI - II LIGA 2018"]
[Site "Jastrzebia Gora"]
[Date "1899-12-30"]
[Round "2.58"]
[White "Zareba, Radoslaw"]
[Black "Drozniak, Stanislaw"]
[Result "0-1"]
[WhiteTitle "I+"]
[BlackTitle "I++"]
[WhiteElo "2110"]
[BlackElo "2043"]

1. e4 c5 2. Nf3 d6 3. d4 cxd4 4. Nxd4 Nf6 5. Nc3 g6 6. f3 Bg7 7. Be3 O-O 8. Qd2
Nc6 9. O-O-O Bd7 10. Kb1 Rc8 11. g4 Ne5 12. h4 b5 13. Nd5 Nxd5 14. exd5 Rc5 15.
Bh6 Bxh6 16. Qxh6 f6 17. Nb3 Rc8 18. Bd3 Qc7 19. Be4 f5 20. gxf5 Bxf5 21. Nd4
Bxe4 22. Ne6 Qxc2+ 23. Ka1 Rf7 24. Rc1 Bxd5 25. Rxc2 Rxc2 26. Ng5 Bxf3 27. Nxf3
Rxf3 28. Qg5 Rf6 29. h5 Rh2 30. Rc1 Rxh5 31. Qe3 Kf7 32. Qxa7 Nd3 33. Rb1 Nb4
34. a3 Nc2+ 35. Ka2 Rc5 36. Qb7 Rf4 37. Rd1 Nd4 38. Re1 Nf5 39. Qa8 Kg7 40. Qe8
h5 41. Re2 e5 42. Rd2 Rd4 43. Rg2 Rg4 44. Rd2 e4 45. Qd7+ Kh6 46. Qd8 e3 47. Re2
h4 48. Qf6 Re5 49. Rc2 Kh5 50. Rc8 Rg5 51. Qh8+ Kg4 52. Rc1 e2 53. Rg1+ Ng3 54.
Qc8+ Rgf5 55. Re1 h3 56. Qh8 Rf1 57. Qc8+ Ref5 58. Qc3 Rxe1 0-1

[Event "DRUZYNOWE MISTRZOSTWA POLSKI - II LIGA 2018"]
[Site "Jastrzebia Gora"]
[Date "1899-12-30"]
[Round "2.59"]
[White "Galuszka, Tomasz"]
[Black "Chmielarz, Maciej"]
[Result "0-1"]
[WhiteTitle "I++"]
[BlackTitle "I+"]
[WhiteElo "2090"]
[BlackElo "1946"]

1. Nf3 c6 2. g3 d5 3. Bg2 g6 4. O-O Bg7 5. d3 Bf5 6. Nbd2 Nf6 7. Qe1 h5 8. e4 Bd7
9. Ng5 h4 10. Ndf3 h3 11. Bh1 Ng4 12. e5 Qc8 13. Nxf7 Kxf7 14. e6+ Kg8 15. exd7
Qxd7 16. Bf4 Na6 17. d4 Rf8 18. Ne5 Nxe5 19. Bxe5 Bxe5 20. Qxe5 Rh5 21. Qe2 c5
22. Rae1 cxd4 23. Qxe7 Qxe7 24. Rxe7 Nb4 25. Rxb7 Nxc2 26. Rd7 Rff5 27. Rc7 d3
28. Rc3 Nd4 29. Rc8+ Rf8 30. Rxf8+ Kxf8 31. Rd1 Re5 32. Kf1 Nc2 33. Bf3 d4 34.
Bg4 d2 35. Be2 d3 36. Rxd2 dxe2+ 37. Rxe2 Rxe2 38. Kxe2 Nb4 39. a3 Nc6 40. Kf3
Ne5+ 41. Kf4 Nd3+ 42. Kg5 Nxb2 43. Kxg6 a5 44. Kh7 Nd3 45. g4 Nxf2 46. g5 Ng4
47. g6 Nf6+ 48. Kh6 a4 49. Kg5 Kg7 50. Kh4 Nd5 51. Kxh3 Nc3 52. Kg4 Kxg6 53. Kf4
Nb5 54. Ke4 Nxa3 55. Kd3 Nb5 56. Kc4 a3 0-1

[Event "DRUZYNOWE MISTRZOSTWA POLSKI - II LIGA 2018"]
[Site "Jastrzebia Gora"]
[Date "1899-12-30"]
[Round "2.60"]
[White "Czerwinska, Milena"]
[Black "Kordela, Monika"]
[Result "1-0"]
[WhiteTitle "WFM"]
[BlackTitle "I"]
[WhiteElo "2028"]
[BlackElo "1618"]

1. e4 c5 2. Nf3 d6 3. d4 cxd4 4. Nxd4 Nf6 5. Nc3 g6 6. Be3 Bg7 7. f3 O-O 8. Qd2
Nc6 9. O-O-O Bd7 10. Kb1 Rc8 11. h4 Ne5 12. Nd5 Nxd5 13. exd5 h5 14. Bh6 Bh8 15.
Bxf8 Qxf8 16. c3 b5 17. Ka1 Qd8 18. Be2 b4 19. cxb4 Nc4 20. Bxc4 Rxc4 21. Nc6
Bxc6 22. dxc6 Rxc6 23. Rc1 Rb6 24. Rc2 Qd7 25. Rhc1 Qa4 26. Rc8+ Kh7 27. Rxh8+
Kxh8 28. Qh6+ Kg8 29. Rc8+ 1-0

[Event "DRUZYNOWE MISTRZOSTWA POLSKI - II LIGA 2018"]
[Site "Jastrzebia Gora"]
[Date "1899-12-30"]
[Round "2.61"]
[White "Kumala, Aleksander"]
[Black "Szadkowski, Kamil"]
[Result "0-1"]
[WhiteTitle "k"]
[BlackTitle "FM"]
[WhiteElo "2197"]
[BlackElo "2277"]

1. d4 Nf6 2. Bg5 Ne4 3. h4 c5 4. d5 h6 5. Bf4 Qb6 6. Nd2 Nf6 7. e4 d6 8. Nc4 Qd8
9. a4 g6 10. Qd2 Bg7 11. Bd3 Na6 12. c3 Nc7 13. Ne2 h5 14. f3 O-O 15. O-O-O Bd7
16. Rdg1 b5 17. axb5 Bxb5 18. g4 Qc8 19. Ng3 Qa6 20. Qe2 Rab8 21. Kd1 Ncxd5 22.
exd5 Nxd5 23. Bc1 Bxc3 24. gxh5 Ba4+ 25. Bc2 Bxb2 26. Ne4 Bxc1 27. Kxc1 Nf4 28.
Qe3 Qxc4 29. Rh2 Nxh5 30. Qh6 Qd4 31. Rg4 Qb2+ 32. Kd1 Qb1+ 33. Qc1 Qxc1+ 34.
Kxc1 Bxc2 35. Kxc2 Rb4 36. Kc3 Rfb8 37. Ra2 R8b7 38. Ra6 Kg7 39. Rg1 Rb3+ 40.
Kc4 Rxf3 41. Ng5 Rf4+ 42. Kd5 Nf6+ 43. Kc6 Rb6+ 0-1

[Event "DRUZYNOWE MISTRZOSTWA POLSKI - II LIGA 2018"]
[Site "Jastrzebia Gora"]
[Date "1899-12-30"]
[Round "2.62"]
[White "Snihur, Piotr"]
[Black "Kasperek, Ryszard"]
[Result "1-0"]
[WhiteTitle "k"]
[BlackTitle "m"]
[WhiteElo "2233"]
[BlackElo "2172"]

1. e4 d6 2. d4 Nf6 3. Nc3 e5 4. Nf3 Nbd7 5. Bc4 Be7 6. O-O O-O 7. a4 c6 8. Re1
b6 9. h3 Rb8 10. Ba2 a6 11. Bg5 b5 12. axb5 axb5 13. Qd3 h6 14. Bh4 Qc7 15. Bg3
b4 16. Nb1 exd4 17. Qxd4 c5 18. Qd3 Ne5 19. Qe2 Bb7 20. Nbd2 Ra8 21. Nh4 Ra5 22.
Bb3 Rxa1 23. Rxa1 c4 24. Bxc4 Nxc4 25. Qxc4 Qxc4 26. Nxc4 Bxe4 27. Nxd6 Bxc2 28.
Nhf5 Bxf5 29. Nxf5 Bc5 30. Be5 Ne4 31. Bxg7 Bxf2+ 32. Kh2 Re8 33. Bxh6 Nc5 34.
Rd1 Re2 35. Rd2 Rxd2 36. Bxd2 Nd3 37. b3 Nc5 38. Be3 Bxe3 39. Nxe3 Nxb3 40. Nd5
Nd4 41. Nxb4 Kg7 42. Kg3 Kg6 43. Kf4 Ne6+ 44. Ke5 Nc5 45. Nd5 Kg5 46. Kd4 Ne6+
47. Ke3 Kh4 48. Kf2 Ng5 49. Nf4 Ne4+ 50. Kg1 Ng3 51. Nd3 Kg5 52. Kf2 Ne4+ 53.
Ke3 Nc3 54. g3 Kf5 55. Nf4 Nd1+ 56. Kf3 Nc3 57. h4 Nb5 58. g4+ Kf6 59. Nd3 Nc3
60. Nc5 Kg6 61. Ne4 Nd5 62. Ng3 Nc3 63. Nf5 Nd5 64. Ke4 Nf6+ 65. Kf4 Nd5+ 66.
Ke5 Nb4 67. Ne7+ Kg7 68. Kf5 Nc2 69. Nd5 Nd4+ 70. Ke4 Ne6 71. Nf4 Nc5+ 72. Kf5
Nb3 73. Nh5+ Kf8 74. Kf6 Nc5 75. Ng3 Nd7+ 76. Kf5 Nb6 77. g5 Nd5 78. h5 Ne3+ 79.
Ke4 Nc4 80. Kd4 Nd2 81. Ke5 Nc4+ 82. Kf6 Ne3 83. Ne4 Ng4+ 84. Kf5 Ne3+ 85. Kf4
Nd5+ 86. Ke5 Ne3 87. h6 Nc4+ 88. Kf6 Nb6 89. Nd6 Nd7+ 90. Kf5 Kg8 91. Ne8 Nb6
92. Nf6+ Kh8 93. Ke5 Nc4+ 94. Ke4 Nd2+ 95. Kf5 Nc4 96. Ne8 Nb6 97. Nd6 Kg8 98.
g6 Nd5 99. Nxf7 Ne7+ 100. Ke4 1-0

[Event "DRUZYNOWE MISTRZOSTWA POLSKI - II LIGA 2018"]
[Site "Jastrzebia Gora"]
[Date "1899-12-30"]
[Round "2.63"]
[White "Cajbel, Maciej"]
[Black "Szadkowski, Krzysztof"]
[Result "1-0"]
[WhiteTitle "k"]
[BlackTitle "k"]
[WhiteElo "2187"]
[BlackElo "2145"]

1. c4 c5 2. Nf3 g6 3. d4 Bg7 4. e4 cxd4 5. Nxd4 Nc6 6. Be3 Nf6 7. Nc3 O-O 8. Be2
d6 9. O-O a6 10. f3 Nd7 11. Qd2 Nxd4 12. Bxd4 Bxd4+ 13. Qxd4 Qb6 14. Qxb6 Nxb6
15. Rac1 Bd7 16. Rfd1 Rac8 17. b3 Bc6 18. Nd5 Bxd5 19. cxd5 h5 20. f4 Kg7 21.
Bf3 a5 22. Kf2 Nd7 23. Ke3 f5 24. exf5 gxf5 25. Bxh5 Nc5 26. Bf3 b5 27. h3 b4
28. Rg1 Rh8 29. g4 Rxh3 30. gxf5+ Kf6 31. Rg6+ Kxf5 32. Rg5+ Kf6 33. Rcg1 Nxb3
34. Rg6+ Kf7 35. Rg7+ Kf6 36. axb3 Rc3+ 37. Ke4 Rh6 38. Rg8 e6 39. dxe6 d5+ 40.
Kxd5 Rxf3 41. Rf8+ 1-0

[Event "DRUZYNOWE MISTRZOSTWA POLSKI - II LIGA 2018"]
[Site "Jastrzebia Gora"]
[Date "1899-12-30"]
[Round "2.64"]
[White "Kwiatkowski, Wiktor"]
[Black "Puczylowski, Marcin"]
[Result "1/2-1/2"]
[WhiteTitle "I"]
[BlackTitle "k"]
[WhiteElo "1965"]
[BlackElo "2110"]

1. e4 e5 2. Nf3 Nc6 3. Bc4 Bc5 4. b4 Bxb4 5. c3 Bd6 6. d4 Nf6 7. O-O O-O 8. Re1
a6 9. Bg5 h6 10. Bh4 Qe7 11. Nbd2 Na5 12. Bg3 Nh5 13. Bxe5 Bxe5 14. Nxe5 Nxc4
15. Nexc4 Nf4 16. Qf3 Qg5 17. Qg3 d5 18. Ne3 dxe4 19. Qxg5 hxg5 20. Nxe4 f6 21.
g3 Ng6 22. Nd5 Bf5 23. Nc5 b6 24. Ne6 Bxe6 25. Rxe6 c5 26. Nxb6 Rae8 27. Rxe8
Rxe8 28. dxc5 Re5 29. Nd7 Rd5 30. c6 Ne7 31. Nb8 Rc5 32. Re1 Kf7 33. Re3 Nxc6
34. Nxa6 Rc4 35. a3 Ra4 36. Nb4 Ne5 37. Nc2 g4 38. Kf1 Nf3 39. h3 Nd2+ 40. Ke2
Nc4 41. Re4 gxh3 42. Rh4 h2 43. Rxh2 Nxa3 44. Nxa3 Rxa3 45. Kd3 Ra2 46. Kd4 Ke6
47. Kc5 g5 48. Kd4 Ke5+ 49. Ke4+ 1/2-1/2

[Event "DRUZYNOWE MISTRZOSTWA POLSKI - II LIGA 2018"]
[Site "Jastrzebia Gora"]
[Date "1899-12-30"]
[Round "2.65"]
[White "Zurkowski, Andrzej"]
[Black "Klimkowski, Jan"]
[Result "1-0"]
[WhiteTitle "k+"]
[BlackTitle "I"]
[WhiteElo "2048"]
[BlackElo "1887"]

1. Nf3 c5 2. c4 Nc6 3. Nc3 g6 4. g3 Bg7 5. Bg2 e5 6. O-O Nge7 7. e4 d6 8. h3 O-O
9. d3 f5 10. Nd5 Rb8 11. Bd2 b5 12. b3 f4 13. gxf4 exf4 14. Nxf4 Bxa1 15. Qxa1
Qc7 16. Nd5 Rxf3 17. Nxc7 1-0

[Event "DRUZYNOWE MISTRZOSTWA POLSKI - II LIGA 2018"]
[Site "Jastrzebia Gora"]
[Date "1899-12-30"]
[Round "2.66"]
[White "Pastuszko, Kinga"]
[Black "Kasperek, Joanna"]
[Result "1-0"]
[WhiteTitle "k+"]
[BlackTitle "k++"]
[WhiteElo "1987"]
[BlackElo "2051"]

1. e4 c5 2. Nf3 e6 3. d4 cxd4 4. Nxd4 a6 5. Bd3 Nf6 6. O-O Qc7 7. c3 d6 8. f4 Be7
9. Nd2 Nbd7 10. Qe2 Nc5 11. Bc2 b5 12. e5 Nfd7 13. N2f3 Bb7 14. Kh1 Bd5 15. b3
Qb7 16. Nf5 dxe5 17. Nxe7 Kxe7 18. fxe5 f6 19. Ba3 Rac8 20. exf6+ gxf6 21. c4
Bc6 22. b4 Ne4 23. Rae1 f5 24. Bb2 Rhg8 25. Nd4 Rg4 26. Nxc6+ Qxc6 27. Bxe4 Rxe4
28. Qh5 bxc4 29. Qxh7+ Kd8 30. Rxe4 Qxe4 31. Rd1 Rc7 32. Qh8+ Ke7 33. Qg7+ Ke8
34. Bf6 Nxf6 35. Qxc7 Nd5 36. Qc6+ Ke7 37. Qc5+ Ke8 38. Qd4 Qe2 39. Qd2 Qxd2 40.
Rxd2 c3 41. Rc2 Nxb4 42. Rxc3 Nxa2 43. Rc6 Kf7 44. Rxa6 Nc3 45. g3 Ne4 46. Kg2
Kf6 47. h4 Nc5 48. Ra5 Nb3 49. Ra8 Nd2 50. Rf8+ Ke7 51. Rg8 Kf7 52. Rd8 Nc4 53.
Kf3 Ke7 54. Rc8 Nd6 55. Rc6 e5 56. g4 fxg4+ 57. Kxg4 e4 58. h5 Ne8 59. h6 Kf7
60. Kg5 e3 61. Rc3 e2 62. Re3 Nf6 63. Rxe2 Nh7+ 64. Kf5 Nf6 65. Ra2 Nh7 66. Rg2
1-0

[Event "DRUZYNOWE MISTRZOSTWA POLSKI - II LIGA 2018"]
[Site "Jastrzebia Gora"]
[Date "1899-12-30"]
[Round "2.67"]
[White "Grela, Kacper"]
[Black "Zakrzewski, Marek"]
[Result "1/2-1/2"]
[WhiteTitle "FM"]
[BlackTitle "FM"]
[WhiteElo "2284"]
[BlackElo "2352"]

1. e4 c5 2. Nf3 e6 3. d4 cxd4 4. Nxd4 Nc6 5. Nc3 Qc7 6. Be3 a6 7. Be2 Nf6 8. O-O
Bb4 9. Na4 Be7 10. c4 Nxe4 11. c5 O-O 12. Rc1 Rb8 13. g3 Nf6 14. Bf3 g6 15. Nb6
Rd8 16. Qa4 e5 17. Nb3 d5 18. cxd6 Rxd6 19. Na5 e4 20. Bg2 Bg4 21. Rfe1 Re6 22.
Nac4 Bb4 23. Bf4 Qe7 24. Bxb8 Bxe1 25. Bf4 Bb4 26. Ne3 Ba5 27. Nbd5 Nxd5 28. Nxd5
Qd8 29. Ne3 Be2 30. Rc5 Bb5 31. Qd1 Qxd1+ 32. Nxd1 Bb6 33. Rc1 f5 34. Nc3 Bd3
35. Na4 Nd4 36. Rc8+ Kf7 37. Kh1 Ne2 38. Bg5 Bxf2 39. Rc7+ Ke8 40. Rxb7 Bb5 41.
b3 Rd6 42. Nb2 Rd7 43. Rb8+ Kf7 44. a4 Bc6 45. Rc8 Rd6 46. Nc4 Rd1+ 47. Bf1 Bd5
48. Rc7+ Kf8 49. Rc8+ Kf7 50. Rc7+ Kf8 51. Rc8+ 1/2-1/2

[Event "DRUZYNOWE MISTRZOSTWA POLSKI - II LIGA 2018"]
[Site "Jastrzebia Gora"]
[Date "1899-12-30"]
[Round "2.68"]
[White "Hemmerling, Jaroslaw"]
[Black "Komendecki, Jacek"]
[Result "1/2-1/2"]
[WhiteTitle "I++"]
[BlackTitle "k"]
[WhiteElo "1910"]
[BlackElo "2116"]

1. Nf3 c5 2. g3 Nc6 3. Bg2 e5 4. O-O g6 5. c4 Bg7 6. Nc3 Nge7 7. d3 O-O 8. Bd2
d6 9. Rb1 Rb8 10. a3 a5 11. Nb5 d5 12. cxd5 Nxd5 13. Qc2 b6 14. Nc3 Nc7 15. Na4
Nb5 16. Bg5 Qd6 17. Nc3 Nc7 18. Ne4 Qe6 19. Bd2 h6 20. Qc1 f5 21. Nc3 Kh7 22.
h4 Nd4 23. b4 axb4 24. axb4 Bd7 25. bxc5 bxc5 26. Qa3 c4 27. Qa7 Ncb5 28. Nxd4
Nxa7 29. Nxe6 Bxe6 30. dxc4 Bxc4 31. Rfc1 Rxb1 32. Rxb1 e4 33. Rb7 Rf7 34. Rxf7
Bxf7 35. e3 1/2-1/2

[Event "DRUZYNOWE MISTRZOSTWA POLSKI - II LIGA 2018"]
[Site "Jastrzebia Gora"]
[Date "1899-12-30"]
[Round "2.69"]
[White "Kowalak, Piotr"]
[Black "Bajerlein, Dawid"]
[Result "0-1"]
[WhiteTitle "k"]
[BlackTitle "k"]
[WhiteElo "2110"]
[BlackElo "2026"]

1. e4 c6 2. d4 d5 3. e5 Bf5 4. h4 h6 5. g4 Be4 6. f3 Bg6 7. h5 Bh7 8. e6 fxe6 9.
Bd3 Nf6 10. Bxh7 Rxh7 11. Qd3 Qb6 12. f4 Nbd7 13. Qg6+ Kd8 14. Nf3 Rh8 15. Nbd2
c5 16. c3 cxd4 17. cxd4 Rc8 18. Rh2 Rc6 19. Ne5 Nxe5 20. fxe5 Qxd4 21. exf6 exf6
22. Rg2 f5 23. gxf5 exf5 24. Qf7 Rc7 25. Qxf5 Bb4 26. Qf2 Re8+ 27. Kd1 Qd3 28.
Qh4+ Ree7 0-1

[Event "DRUZYNOWE MISTRZOSTWA POLSKI - II LIGA 2018"]
[Site "Jastrzebia Gora"]
[Date "1899-12-30"]
[Round "2.70"]
[White "Bernat, Marcin"]
[Black "Madera, Mateusz"]
[Result "1-0"]
[WhiteTitle "k"]
[BlackTitle "I+"]
[WhiteElo "2080"]
[BlackElo "1937"]

1. d4 Nf6 2. c4 e6 3. Nc3 Bb4 4. e3 O-O 5. Nge2 Re8 6. a3 Bf8 7. Ng3 d5 8. Bd3
c5 9. dxc5 dxc4 10. Bxc4 Qxd1+ 11. Nxd1 Bxc5 12. Bd2 b6 13. Nc3 Bb7 14. O-O Rd8
15. Rfd1 Nc6 16. Be1 Ne5 17. Be2 Be7 18. Nb5 Nd5 19. Rac1 Ba6 20. Kf1 Bxb5 21.
Bxb5 Rac8 22. Ne2 Ng4 23. Kg1 h6 24. h3 Ne5 25. Nd4 Bf6 26. Ba6 Rxc1 27. Rxc1
Rd7 28. Kf1 g5 29. b3 Kg7 30. a4 Ng6 31. Nb5 Nge7 32. g3 Be5 33. Ke2 Kh7 34. Rc4
Bg7 35. e4 Nf6 36. f3 Nh5 37. a5 bxa5 38. Bxa5 Nxg3+ 39. Kf2 Nh5 40. Bc7 Ng6 41.
Nd6 Be5 42. Ne8 Rd3 43. b4 Rb3 44. Nd6 Kg7 45. Bb8 Bg3+ 46. Ke2 Nhf4+ 47. Kd2
Rxf3 48. Ne8+ Kf8 49. Rc8 Ke7 50. Bxa7 Nxh3 51. Bc5+ Kd7 52. Ra8 Ne7 53. Bb5+
Nc6 54. Ra7+ Kxe8 55. Bxc6+ Kd8 56. e5 Rf4 57. Bb6+ Rf2+ 58. Ra8+ 1-0